000 00884nam a22002537a 4500
003 DO-SdBNP
005 20250407133454.0
006 a||||gr|||| 00| 0
007 ta
008 240723e1986 dr ||||| |||| 00| 0 spa d
040 _aDO-SdBNP
_bspa
_cBNPHU
_erda
082 4 _222
_bE85h
245 0 0 _aEstudios de historia social y económica de América /
_cIntroducción, Antonio Gutiérrez Escudero.
264 _a[no identificado] :
_b[no identificado] ,
_c1986
300 _a49 páginas ;
_c21 cm.
336 _2rdacontent
_atexto
_btxt
337 _2rdamedia
_asin mediación
_bn
338 _2rdacarrier
_avolumen
_bnc
500 _aIncluye bibliografía y notas al pie de páginas.
590 _aInventariado 2024 / MF
650 0 _aAbastecimiento de agua
_ySiglo XVI
_zRepública Dominicana
_911680
700 1 _aGutiérrez Escudero, Antonio,
_91702
_eprólogo
942 _2ddc
_cLF2
999 _c57335
_d57335